The adventures of Huckleberry Finn / (Record no. 1176)

MARC details
000 -LEADER
fixed length control field 00973nam a22002777a 4500
005 - DATE AND TIME OF LATEST TRANSACTION
control field 20230821151750.0
020 ## - INTERNATIONAL STANDARD BOOK NUMBER
International Standard Book Number 1893376052 (book)
040 ## - CATALOGING SOURCE
Original cataloging agency DLC
Transcribing agency DLC
Modifying agency DLC
Language of cataloging eng
050 00 - LIBRARY OF CONGRESS CALL NUMBER
Classification number PS1305.A1
082 00 - DEWEY DECIMAL CLASSIFICATION NUMBER
Classification number [Fic]
Edition number 13
100 ## - MAIN ENTRY--PERSONAL NAME
Personal name Twain, Mark
245 04 - TITLE STATEMENT
Title The adventures of Huckleberry Finn /
Statement of responsibility, etc. by Mark Twain ; retold by John Matern.
260 ## - PUBLICATION, DISTRIBUTION, ETC.
Place of publication, distribution, etc. New York :
Name of publisher, distributor, etc. Scholastic,
Date of publication, distribution, etc. 1999.
300 ## - PHYSICAL DESCRIPTION
Extent 372 pages :
Other physical details Illustrations ;
Dimensions 18 cm
490 0# - SERIES STATEMENT
Series statement Classic adventures ;
Volume/sequential designation Book 3
505 ## - FORMATTED CONTENTS NOTE
Formatted contents note Z
520 ## - SUMMARY, ETC.
Summary, etc. The adventures of a boy and his friend, an escaped slave, as they travel down the Mississippi River on a raft. Includes abridged text, audio of text, teacher guide, and test questions.
521 ## - TARGET AUDIENCE NOTE
Target audience note 990 <br/>
Source Lexile <br/>
521 ## - TARGET AUDIENCE NOTE
Target audience note z<br/>
Source Raz-Plus <br/>
650 #0 - SUBJECT ADDED ENTRY--TOPICAL TERM
Topical term or geographic name entry element Male friendship
General subdivision Fiction
650 #0 - SUBJECT ADDED ENTRY--TOPICAL TERM
Topical term or geographic name entry element Fugitive slaves
General subdivision Fiction
700 1# - ADDED ENTRY--PERSONAL NAME
Personal name Twain, Mark
Dates associated with a name 1835-1910.
942 ## - ADDED ENTRY ELEMENTS (KOHA)
Source of classification or shelving scheme Dewey Decimal Classification
Koha item type Books
Suppress in OPAC No
999 ## -
-- 1176
-- 1176
Holdings
Withdrawn status Lost status Source of classification or shelving scheme Damaged status Not for loan Collection Home library Current library Shelving location Date acquired Total Checkouts Full call number Barcode Date last seen Price effective from Koha item type
    Dewey Decimal Classification     Fiction Footprints International School Library Network Toul Kork Campus Footprints International School Library Network Toul Kork Campus TTP Secondary Fiction Bookshelves 08/07/2023   TWA Fic PS1305.A1 FISSE00637 05/12/2025 08/07/2023 Books